| 000 | 00589nam a2200217 a 4500 | ||
|---|---|---|---|
| 001 | BRCA_5100 | ||
| 005 | 20190320204934.0 | ||
| 008 | 860225s1881 mx-a######---#000-0#spa-# | ||
| 041 | _aspa | ||
| 044 | _amx | ||
| 050 | 4 |
_aF1321 _b.G39 1881 |
|
| 100 | 1 |
_aGay, José Antonio _913004 |
|
| 245 | 1 | 0 |
_aHistoria de Oaxaca _cescrita por José Antonio Gay. |
| 260 |
_aMéxico _bImprenta del Comercio de Dublán _c1881 |
||
| 300 |
_a2 v. _bil., láminas _c22 cm. |
||
| 500 | _aDD54 | ||
| 651 | 4 |
_aOaxaca _xHistoria _913005 |
|
| 651 | 4 |
_aMéxico _xHistoria _9614 |
|
| 902 | _aGFM | ||
| 942 |
_2lcc _cB |
||
| 999 |
_c4794 _d4794 |
||